El Futuro del estado: ¿un estado con futuro?/ por Norbert Lechner. (Record no. 134310)
[ view plain ]
| 000 -CABECERA | |
|---|---|
| campo de control de longitud fija | 00576nam a2200193 a 4500 |
| 005 - FECHA Y HORA DE LA ÚLTIMA TRANSACCIÓN | |
| campo de control | 20210219160257.0 |
| 008 - ELEMENTOS DE LONGITUD FIJA--INFORMACIÓN GENERAL | |
| campo de control de longitud fija | 081006s2000 mx r 000 0 spa d |
| 035 ## - NÚMERO DE CONTROL DEL SISTEMA | |
| Número de control de sistema | UPN01000162197 |
| 049 ## - COLECCIÓN | |
| Colección | UNE |
| 080 ## - NÚMERO DE CLASIFICACIÓN DECIMAL UNIVERSAL | |
| Número de la Clasificación Decimal Universal | 321.011 (83) LEC. |
| 100 1# - ASIENTO PRINCIPAL--NOMBRE PERSONAL | |
| Nombre de persona | Lechner, Norbert. |
| 245 13 - MENCIÓN DE TÍTULO | |
| Título | El Futuro del estado: ¿un estado con futuro?/ por Norbert Lechner. |
| 260 ## - PUBLICACIÓN, DISTRIBUCIÓN, ETC. | |
| Lugar de publicación, distribución, etc. | Santiago de Chile : FLACSO. |
| 300 ## - DESCRIPCIÓN FÍSICA | |
| Extensión | 15 p. ; |
| 690 ## - PUNTO DE ACCESO ADICIONAL DE MATERIA LOCAL--TÉRMINO DE MATERIA (OCLC, RLIN) | |
| Término de materia o nombre geográfico como elemento inicial | Estado- Chile |
| 690 ## - PUNTO DE ACCESO ADICIONAL DE MATERIA LOCAL--TÉRMINO DE MATERIA (OCLC, RLIN) | |
| Término de materia o nombre geográfico como elemento inicial | Sistemas politicos- Chile |
| 710 2# - ASIENTO SECUNDARIO - NOMBRE CORPORATIVO | |
| Nombre de entidad corporativa o nombre de jurisdicción como elemento de entrada | FLACSO. Facultad Latinoamericana de Ciencias Sociales. |
| 905 ## - TIPO DE MATERIAL | |
| Tipo de material | UNESCO |
No items available.
